00465nam a22001457a 4500020001800000040000900018082001600027100003200043245006300075250001900138260002700157942001200184999001900196952010400215 a9781292027296 cNUST a621.43bPUL aPulkrabek, Willard W956114 aEngineering Fundamentals of the Internal Combustion Engine aSECOND EDITION aIndia:bPerson,c2014. 2ddccBK c586648d586648 00102ddc4070aCEMEbCEMEcGENd2021-11-03l0o621.43 PULpCEME-50225r2021-11-03w2021-11-03yBK